01178nam a2200325 a 4500001001100000003000800011006001900019007001500038008004100053015001500094016001900109020001500128020002100143040002100164035002000185050002300205082001500228100001800243245008000261260003200341300002200373504005100395533015200446650002100598650004000619650002200659655002900681710001700710856012500727ebr2002356CaPaEBRm u cr cn|||||||||011015s2000 enka sb 001 0 eng  aGBA0-677447 a04151330412Uk z0415133041 z041513305X(pbk.) aCaPaEBRcCaPaEBR a(OCoLC)5085381614aGV186b.I54 2000eb04a306.482211 aInglis, Fred.14aThe delicious history of the holidayh[electronic resource] /cFred Inglis. aLondon :bRoutledge,c2000. axi, 206p. :bill. aIncludes bibliographical references and index. aElectronic reproduction.bPalo Alto, Calif. :cebrary,d2013.nAvailable via World Wide Web.nAccess may be limited to ebrary affiliated libraries. 0aTravelxHistory. 0aVacationsxSocial aspectsxHistory. 0aTourismxHistory. 7aElectronic books.2local2 aebrary, Inc.40uhttp://site.ebrary.com/lib/rucke/Doc?id=2002356zAn electronic book accessible through the World Wide Web; click to view